مهارات القيادة التربوية الحديثة / (رقم التسجيلة. 81063)
[ عرض عادي ]
| 000 -الفاتح | |
|---|---|
| حقل البيانات ثابتة الطول | 00942nam a2200253 4500 |
| 003 - محدد رقم الضبط | |
| رقم الضبط | OSt |
| 005 - وقت وتاريخ اخر تعامل مع التسجيلة | |
| رقم الضبط | 20220726122014.0 |
| 008 - عناصر البيانات ثابتة الطول - معلومات عامة | |
| حقل البيانات ثابتة الطول | 080422s2015 jo a g b 00010 ara0c |
| 020 ## - الرقم الدولى المعيارى للكتب | |
| الرقم الدولى المعيارى للكتاب | 9789957519179 |
| 040 ## - مصدر الفهرسة | |
| وكالة الفهرسة الأصلية | Ma-Un |
| لغة الفهرسة | ara |
| وكالة النسخ | Ma-Un |
| 082 04 - رقم تصنيف ديوى العشرى | |
| رقم التصنيف | 371.2 |
| رقم المادة | ل ن م |
| رقم الطبعة | 21 |
| 100 1# - المدخل الرئيسى - إسم شخصى | |
| الإسم الشخصى | لهلوب، ناريمان يونس |
| 245 10 - بيان العنوان | |
| العنوان | مهارات القيادة التربوية الحديثة / |
| بيان المسئوليه,etc | ناريمان يونس لهلوب. |
| 250 ## - بيان الطبعة | |
| بيان الطبعة | ط. 1. |
| 264 ## - النشر, التوزيع, ETC. (IMPRINT) | |
| مكان الناشر او الموزع RDA | عمان، الأردن : |
| اسم الناشر او الموزع RDA | دار الخليج للنشر والتوزيع، |
| تاريخ النشر أو التوزيع | 2015 |
| تاريخ النشر هجري | 1436 |
| 300 ## - الوصف المادى | |
| التعداد | 247 ص. : |
| تفاصيل ماديه اخرى للوعاء | إيض. ؛ |
| أبعاد الوعاء | 24 سم. |
| 504 ## - تبصرة ببليوجرافية | |
| تبصرة ببليوجرافية,الخ | يشتمل على إرجاعات ببليوجرافية. |
| 650 #7 - المدخل الاضافى بالموضوع-مصطلح موضوعى | |
| مصطلح موضوعي أو اسم جغرافي كعنصر مدخل | الإدارة التعليمية |
| 650 #7 - المدخل الاضافى بالموضوع-مصطلح موضوعى | |
| مصطلح موضوعي أو اسم جغرافي كعنصر مدخل | القرارات الإدارية |
| 650 #7 - المدخل الاضافى بالموضوع-مصطلح موضوعى | |
| مصطلح موضوعي أو اسم جغرافي كعنصر مدخل | القيادة الإدارية |
| 650 #7 - المدخل الاضافى بالموضوع-مصطلح موضوعى | |
| مصطلح موضوعي أو اسم جغرافي كعنصر مدخل | اتخاذ القرارات |
| 952 ## - LOCATION AND ITEM INFORMATION (KOHA) | |
| نوع المادة فى نظام كوها | كتاب |
| 952 ## - LOCATION AND ITEM INFORMATION (KOHA) | |
| نوع المادة فى نظام كوها | كتاب |
| 952 ## - LOCATION AND ITEM INFORMATION (KOHA) | |
| نوع المادة فى نظام كوها | كتاب |
| 952 ## - LOCATION AND ITEM INFORMATION (KOHA) | |
| نوع المادة فى نظام كوها | كتاب |
| 952 ## - LOCATION AND ITEM INFORMATION (KOHA) | |
| نوع المادة فى نظام كوها | كتاب |
| 952 ## - LOCATION AND ITEM INFORMATION (KOHA) | |
| نوع المادة فى نظام كوها | كتاب |
| 952 ## - LOCATION AND ITEM INFORMATION (KOHA) | |
| نوع المادة فى نظام كوها | كتاب |
| 535 2# - تبصرة موقع الأصول / النسخ | |
| المالك | 9 |
| 942 ## - | |
| -- | ddc |
| -- | BOOK |
| حالة الفقد | نموذج السعر الفعال | حالة تلف | ليس للاعارة | تاريخ الاكتساب | رقم الطلب | تاريخ الاكتساب | الموقع الحالي | الباركود | الفرع الرئيسي | Date last seen | مصدر التصنيف او خطة الترفيف | Total Checkouts |
|---|---|---|---|---|---|---|---|---|---|---|---|---|
| 2022-07-31 | Not For Loan | 2022-07-31 | 371.2 ل ن م | 2022-07-31 | CL | 00182897 | المكتبة المركزية بالمجمعة (CL) | 2022-07-31 | Dewey Decimal Classification | |||
| 2022-07-31 | 2022-07-31 | 371.2 ل ن م | 2022-07-31 | CL | 00182898 | المكتبة المركزية بالمجمعة (CL) | 2022-07-31 | Dewey Decimal Classification | ||||
| 2022-07-31 | 2022-07-31 | 371.2 ل ن م | 2022-07-31 | CL | 00182899 | المكتبة المركزية بالمجمعة (CL) | 2022-07-31 | Dewey Decimal Classification | ||||
| 2022-07-31 | Not For Loan | 2022-07-31 | 371.2 ل ن م | 2022-07-31 | EMF | 00182902 | مكتبة مجمع الطالبات بالمجمعة (EMF) | 2022-07-31 | Dewey Decimal Classification | |||
| 2022-07-31 | 2022-07-31 | 371.2 ل ن م | 2022-07-31 | EMF | 00182903 | مكتبة مجمع الطالبات بالمجمعة (EMF) | 2022-07-31 | Dewey Decimal Classification | ||||
| 2022-07-31 | Not For Loan | 2022-07-31 | 371.2 ل ن م | 2022-07-31 | EZF | 00182900 | مكتبة كلية التربية بالزلفى - طالبات (EZF) | 2022-07-31 | Dewey Decimal Classification | |||
| 2022-07-31 | 2022-07-31 | 371.2 ل ن م | 2022-07-31 | EZF | 00182901 | مكتبة كلية التربية بالزلفى - طالبات (EZF) | 2022-07-31 | Dewey Decimal Classification |
